000 00388nam a2200157Ia 4500
999 _c30389
_d30389
003 OSt
005 20250702150756.0
008 250310s9999||||xx |||||||||||||| ||und||
040 _c.
082 _a920.71
_bC464
100 _96073
_aChaplin, Charles
245 0 _aMy autobiography /
_cCharles Chaplin
260 _aLondon :
_bThe bodley head,
_c1964.
300 _a545 p.
942 _cBK
_2ddc